00500nam a2200193 a 4500001001300000003000900013005001700022008004100039020001000080082001500090100002500105245003100130260003400161300000900195500003500204505002400239650001800263700002500281nice12345678IN_TiNIC20260116011837.0050524s1961 lona grp 000 0 eng  ac98700a220.9bBRA aBratton, F Gladstone aHistory of the Holy Bible. aLondonbRobert Hale Ltdc1961 a287p aincludes index and biblioraphy2 aBibliography, Index aBible-History1 aBratton, F Gladstone